[Event "Gibraltar Chess Festival 2017 - Masters"]
[Site "Gibraltar ENG"]
[Date "2017.01.29"]
[Round "6.63"]
[White "Cordes, Hans-Joerg"]
[Black "Perez Garcia, Alejandro"]
[Result "1-0"]
[WhiteElo "2242"]
[BlackElo "2398"]
[PlyCount "95"]
[EventDate "2017.01.24"]
[EventType "swiss"]
[EventRounds "10"]
[EventCountry "ENG"]
[SourceTitle "Ajedrez en Madrid"]
[Source "lmi"]
[SourceDate "2017.01.24"]

1. d4 e6 2. c4 b6 3. e4 Bb7 4. Bd3 Bb4+ 5. Kf1 f5 6. exf5 Nf6 7. Nf3 O-O 8. a3
Be7 9. Nc3 exf5 10. Bxf5 Qe8 11. Be3 Kh8 12. d5 Nxd5 13. Nxd5 Rxf5 14. Nd4 Rf8
15. Nxc7 Qg6 16. f3 Nc6 17. Nxa8 Bxa8 18. Nxc6 Bxc6 19. h4 Qg4 20. Rh3 Qxc4+
21. Kg1 Bf6 22. Rc1 Qe6 23. Bd4 Be5 24. Bxe5 Qxe5 25. Qd2 Re8 26. h5 h6 27. Rh4
Bxf3 28. Rf1 Qc5+ 29. Qd4 Qxd4+ 30. Rxd4 Bc6 31. g4 Re3 32. Rf2 Rh3 33. Re2 Bf3
34. Re1 d5 35. Rd3 Bxg4 36. Rxh3 Bxh3 37. Re7 Bg4 38. Rxa7 Bxh5 39. Rb7 Bf3 40.
Rxb6 h5 41. Kf2 Be4 42. Kg3 g5 43. a4 Kg7 44. a5 d4 45. a6 d3 46. a7 h4+ 47.
Kg4 Kf7 48. Rd6 1-0

[Event "Gibraltar Chess Festival 2017 - Masters"]
[Site "Gibraltar ENG"]
[Date "2017.01.29"]
[Round "6.64"]
[White "Serarols Mabras, Bernat"]
[Black "Guerra Rivera, Salvador"]
[Result "1-0"]
[WhiteElo "2242"]
[BlackElo "2389"]
[PlyCount "55"]
[EventDate "2017.01.24"]
[EventType "swiss"]
[EventRounds "10"]
[EventCountry "ENG"]
[SourceTitle "Ajedrez en Madrid"]
[Source "lmi"]
[SourceDate "2017.01.24"]

1. d4 d5 2. c4 c6 3. Nf3 e6 4. e3 Nd7 5. Bd3 Nh6 6. O-O f5 7. b3 Qf6 8. Qc2 Be7
9. Ba3 O-O 10. Bxe7 Qxe7 11. Qb2 b6 12. Nbd2 Bb7 13. b4 Rae8 14. a4 g5 15. a5
g4 16. Ne5 Nxe5 17. dxe5 Rd8 18. axb6 axb6 19. Ra7 Rd7 20. cxd5 exd5 21. Nc4
dxc4 22. Bxc4+ Kh8 23. e6+ Qg7 24. Qxg7+ Rxg7 25. Rd1 Ra8 26. Rxa8+ Bxa8 27.
Rd8+ Ng8 28. e7 1-0

[Event "Gibraltar Chess Festival 2017 - Masters"]
[Site "Gibraltar ENG"]
[Date "2017.01.29"]
[Round "6.65"]
[White "Heinemann, Josefine"]
[Black "Tsolakidou, Stavroula"]
[Result "1/2-1/2"]
[WhiteElo "2227"]
[BlackElo "2387"]
[PlyCount "41"]
[EventDate "2017.01.24"]
[EventType "swiss"]
[EventRounds "10"]
[EventCountry "ENG"]
[SourceTitle "Ajedrez en Madrid"]
[Source "lmi"]
[SourceDate "2017.01.24"]

1. e4 c5 2. Nf3 d6 3. d4 cxd4 4. Nxd4 Nf6 5. Nc3 a6 6. Be3 e5 7. Nb3 Be7 8. f3
Be6 9. Qd2 O-O 10. O-O-O a5 11. a4 Nc6 12. g4 Nb4 13. Kb1 Qc7 14. Bb5 Rac8 15.
g5 Nh5 16. Rhg1 g6 17. Qf2 Bd8 18. Qd2 Be7 19. Qf2 Bd8 20. Qd2 Be7 21. Qf2
1/2-1/2

[Event "Gibraltar Chess Festival 2017 - Masters"]
[Site "Gibraltar ENG"]
[Date "2017.01.29"]
[Round "6.66"]
[White "Pinho, Paulo"]
[Black "Nomin-Erdene, Davaademberel"]
[Result "1/2-1/2"]
[WhiteElo "2220"]
[BlackElo "2378"]
[PlyCount "78"]
[EventDate "2017.01.24"]
[EventType "swiss"]
[EventRounds "10"]
[EventCountry "ENG"]
[SourceTitle "Ajedrez en Madrid"]
[Source "lmi"]
[SourceDate "2017.01.24"]

1. d4 d5 2. Nf3 Nf6 3. c4 c6 4. Nc3 dxc4 5. g3 g6 6. Bg2 Bg7 7. O-O O-O 8. e3
Nbd7 9. a4 a5 10. Nb1 Nb6 11. Qe2 Nfd5 12. Nfd2 Be6 13. Ne4 Qc8 14. Nbd2 Nb4
15. Nc5 Bd5 16. e4 Bxd4 17. exd5 cxd5 18. Nce4 dxe4 19. Qxe4 Nc6 20. Nf3 Bg7
21. Be3 Nd7 22. Qxc4 Nb4 23. Qh4 Nf6 24. Bd4 Qf5 25. Bc3 Nbd5 26. Rac1 Rfd8 27.
Rfe1 Nxc3 28. Rxc3 Nd5 29. Rc5 e6 30. Rb5 Rd7 31. Ng5 h6 32. Nxe6 Re8 33. Qc4
Rxe6 34. Rxe6 Qxe6 35. Bxd5 Qe7 36. Rxb7 Rxb7 37. Qc8+ Kh7 38. Qxb7 Qxb7 39.
Bxb7 Bxb2 1/2-1/2

[Event "Gibraltar Chess Festival 2017 - Masters"]
[Site "Gibraltar ENG"]
[Date "2017.01.29"]
[Round "6.67"]
[White "Derakhshani, Dorsa"]
[Black "Baert, Andy"]
[Result "1-0"]
[WhiteElo "2370"]
[BlackElo "2210"]
[PlyCount "181"]
[EventDate "2017.01.24"]
[EventType "swiss"]
[EventRounds "10"]
[EventCountry "ENG"]
[SourceTitle "Ajedrez en Madrid"]
[Source "lmi"]
[SourceDate "2017.01.24"]

1. e4 c5 2. Nf3 d6 3. d4 cxd4 4. Nxd4 Nf6 5. Nc3 a6 6. Be3 Ng4 7. Bc1 Nf6 8.
Be2 Nbd7 9. Be3 e6 10. f4 Qc7 11. Bf3 e5 12. Nf5 g6 13. fxe5 dxe5 14. Nh6 Bc5
15. Bg5 Bd4 16. Qd2 b5 17. Rf1 Bxc3 18. bxc3 Bb7 19. O-O-O Rf8 20. Qe3 Rc8 21.
Rd3 b4 22. Ng4 Ng8 23. Rfd1 Bc6 24. cxb4 Ba4 25. R1d2 f6 26. Bh4 Nb6 27. Qc5
Qxc5 28. bxc5 Rxc5 29. Rd8+ Ke7 30. Rxf8 Kxf8 31. Nxf6 Nxf6 32. Bxf6 Nc4 33.
Rd3 Kf7 34. Bd8 h5 35. Rc3 Rc8 36. Bh4 Bd7 37. Bg3 Kf6 38. Be2 Be6 39. Rb3 Ke7
40. Bh4+ Kd7 41. Rc3 a5 42. a4 Kd6 43. Be1 Rc5 44. Rg3 Bf7 45. Rf3 Ke7 46. Bh4+
Ke8 47. Rb3 Kd7 48. Rd3+ Nd6 49. Bf2 Rc6 50. Bg3 Bc4 51. Rd2 Ke6 52. Bxc4+ Rxc4
53. Rd5 Rxa4 54. Rxe5+ Kf6 55. Rd5 Nxe4 56. Bc7 Ra1+ 57. Kb2 Rg1 58. Re5 Nf2
59. Re2 Nd1+ 60. Ka3 Kf5 61. Bxa5 Rf1 62. Kb3 Nf2 63. Be1 Ne4 64. c4 Nc5+ 65.
Kc3 Rf4 66. Re8 Rg4 67. Re2 g5 68. Bd2 Ne4+ 69. Kb3 h4 70. Be3 h3 71. gxh3 Rh4
72. Kb4 Rxh3 73. Bb6 Rh4 74. Bc7 Rh7 75. Bb6 Rh4 76. Rc2 Nd6 77. Kc5 Nxc4 78.
Rxc4 Rxh2 79. Kd5 Re2 80. Rc8 g4 81. Rf8+ Kg6 82. Bd4 Kg5 83. Bf6+ Kh5 84. Be5
Re3 85. Rh8+ Kg5 86. Rg8+ Kf5 87. Rf8+ Kg6 88. Ke6 Rf3 89. Bf4 Kg7 90. Rf5 g3
91. Be5+ 1-0

[Event "Gibraltar Chess Festival 2017 - Masters"]
[Site "Gibraltar ENG"]
[Date "2017.01.29"]
[Round "6.68"]
[White "Paehtz, Thomas"]
[Black "Kandic, Milan"]
[Result "1-0"]
[WhiteElo "2365"]
[BlackElo "2061"]
[PlyCount "43"]
[EventDate "2017.01.24"]
[EventType "swiss"]
[EventRounds "10"]
[EventCountry "ENG"]
[SourceTitle "Ajedrez en Madrid"]
[Source "lmi"]
[SourceDate "2017.01.24"]

1. e4 d6 2. d4 Nf6 3. Nc3 e5 4. Nf3 Nbd7 5. Bc4 Be7 6. O-O O-O 7. a4 a5 8. h3
c6 9. Re1 exd4 10. Nxd4 Ne5 11. Ba2 Qc7 12. Be3 Re8 13. f4 Ng6 14. Qf3 Bf8 15.
Bf2 b6 16. g4 Bb7 17. g5 Nd7 18. h4 d5 19. exd5 cxd5 20. Bxd5 Bxd5 21. Nxd5
Rxe1+ 22. Rxe1 1-0

[Event "Gibraltar Chess Festival 2017 - Masters"]
[Site "Gibraltar ENG"]
[Date "2017.01.29"]
[Round "6.69"]
[White "Villar Reymundo, Juan Antonio"]
[Black "Lazarne Vajda, Szidonia"]
[Result "1/2-1/2"]
[WhiteElo "2212"]
[BlackElo "2364"]
[PlyCount "61"]
[EventDate "2017.01.24"]
[EventType "swiss"]
[EventRounds "10"]
[EventCountry "ENG"]
[SourceTitle "Ajedrez en Madrid"]
[Source "lmi"]
[SourceDate "2017.01.24"]

1. d4 d5 2. c4 e6 3. Nf3 Nf6 4. g3 dxc4 5. Bg2 Bd7 6. Ne5 Bc6 7. Nxc6 Nxc6 8.
Qa4 Nd5 9. Qxc4 Qd7 10. e3 O-O-O 11. Nc3 f5 12. Bd2 Bb4 13. Qb5 Nce7 14. Qc4
Nc6 15. Qb5 Nce7 16. Qxd7+ Rxd7 17. Nxd5 Bxd2+ 18. Kxd2 Nxd5 19. f4 Rd6 20.
Rhc1 Rb6 21. b3 Rd8 22. Rc4 Ra6 23. a3 Rd7 24. Rc5 Rdd6 25. Bf1 Rac6 26. Rac1
Rxc5 27. Rxc5 b6 28. Rc4 Kb7 29. Bg2 c6 30. Ke2 a5 31. h3 1/2-1/2

[Event "Gibraltar Chess Festival 2017 - Masters"]
[Site "Gibraltar ENG"]
[Date "2017.01.29"]
[Round "6.70"]
[White "Burrows, Martin P"]
[Black "Sodoma, Jan"]
[Result "1/2-1/2"]
[WhiteElo "2124"]
[BlackElo "2344"]
[PlyCount "94"]
[EventDate "2017.01.24"]
[EventType "swiss"]
[EventRounds "10"]
[EventCountry "ENG"]
[SourceTitle "Ajedrez en Madrid"]
[Source "lmi"]
[SourceDate "2017.01.24"]

1. e4 e5 2. Nf3 Nc6 3. Bb5 a6 4. Ba4 Nf6 5. O-O Be7 6. Re1 b5 7. Bb3 d6 8. c3
O-O 9. h3 Na5 10. Bc2 c5 11. d4 Nd7 12. Nbd2 exd4 13. cxd4 Re8 14. Nf1 Bb7 15.
d5 Nc4 16. Rb1 a5 17. b3 Nce5 18. N3h2 Ba6 19. Ng3 c4 20. Nf5 Nc5 21. Bb2 Bf6
22. Re3 g6 23. f4 Ned3 24. Bxf6 Qxf6 25. Ng4 Qd8 26. Nfh6+ Kg7 27. Bxd3 cxd3
28. Qf3 f6 29. e5 f5 30. Nxf5+ gxf5 31. Nf6 Ne4 32. Nxe8+ Qxe8 33. Rxd3 b4 34.
Re3 Rc8 35. Rxe4 fxe4 36. Qxe4 dxe5 37. Re1 Bb7 38. fxe5 Qg6 39. Qf3 Rc3 40.
Qd1 Rd3 41. Qc2 Rxd5 42. Qf2 Rd8 43. e6 Rf8 44. Qd4+ Kg8 45. Re2 Re8 46. e7 Bc6
47. Qc5 h6 1/2-1/2

[Event "Gibraltar Chess Festival 2017 - Masters"]
[Site "Gibraltar ENG"]
[Date "2017.01.29"]
[Round "6.71"]
[White "Amgalanbaatar, Ravdanlkhumbuu"]
[Black "Gulamali, Kazim"]
[Result "1/2-1/2"]
[WhiteElo "1988"]
[BlackElo "2341"]
[PlyCount "64"]
[EventDate "2017.01.24"]
[EventType "swiss"]
[EventRounds "10"]
[EventCountry "ENG"]
[SourceTitle "Ajedrez en Madrid"]
[Source "lmi"]
[SourceDate "2017.01.24"]

1. e4 c5 2. Nc3 Nc6 3. g3 g6 4. Bg2 Bg7 5. d3 d6 6. Be3 Nh6 7. h3 f5 8. Qd2 Nf7
9. Nf3 Nd4 10. Ng5 O-O 11. Nxf7 Rxf7 12. f4 Bd7 13. O-O Bc6 14. Nd1 Qd7 15. c3
Nb5 16. Nf2 e5 17. fxe5 dxe5 18. Bxc5 f4 19. gxf4 exf4 20. Bf3 b6 21. Bb4 a5
22. a4 Nc7 23. Ba3 Ne6 24. Qe2 Ng5 25. Kh2 Re8 26. Rg1 Qd8 27. Rae1 Kh8 28. d4
Bxa4 29. e5 Bb3 30. Ne4 Nxe4 31. Qxe4 Bf6 32. Rg4 Bh4 1/2-1/2

[Event "Gibraltar Chess Festival 2017 - Masters"]
[Site "Gibraltar ENG"]
[Date "2017.01.29"]
[Round "6.72"]
[White "Skutta, Bernd"]
[Black "Piasetski, Leon"]
[Result "0-1"]
[WhiteElo "1957"]
[BlackElo "2327"]
[PlyCount "112"]
[EventDate "2017.01.24"]
[EventType "swiss"]
[EventRounds "10"]
[EventCountry "ENG"]
[SourceTitle "Ajedrez en Madrid"]
[Source "lmi"]
[SourceDate "2017.01.24"]

1. d4 Nf6 2. Bf4 e6 3. e3 b6 4. Nf3 Bb7 5. Be2 Bd6 6. Bxd6 cxd6 7. O-O d5 8.
Nbd2 O-O 9. Rc1 d6 10. c4 Nbd7 11. Qa4 a6 12. cxd5 exd5 13. Qb4 Qe7 14. Rc7
Rfb8 15. Ne5 Qd8 16. Qxd6 Ne8 17. Qxd7 Qxc7 18. Qxc7 Nxc7 19. Nd7 Rd8 20. Nxb6
Rab8 21. Rc1 Rd6 22. Na4 Bc6 23. b3 Bxa4 24. Rxc7 Rc6 25. Rxc6 Bxc6 26. a4 a5
27. Bf3 Kf8 28. Kf1 Ke7 29. Ke2 Kd6 30. Kd1 Bb7 31. Kc2 Ba6 32. Nb1 Bb7 33. Nc3
Bc6 34. Bd1 f5 35. f4 h6 36. g3 g5 37. Be2 gxf4 38. exf4 Rb4 39. Bd3 Rxd4 40.
Bxf5 Rb4 41. Bd3 Rb8 42. Ne2 Kc5 43. f5 d4 44. Nf4 Kd6 45. g4 Re8 46. Ne6 Ke5
47. Kd2 Rg8 48. h3 Bd5 49. Bc4 Bxc4 50. bxc4 Rb8 51. c5 Rb2+ 52. Kd1 Rb4 53.
Nd8 Rxa4 54. Nc6+ Ke4 55. f6 Ra1+ 56. Kd2 Ra2+ 0-1

[Event "Gibraltar Chess Festival 2017 - Masters"]
[Site "Gibraltar ENG"]
[Date "2017.01.29"]
[Round "6.73"]
[White "Karavade, Eesha"]
[Black "Broekman, Willem"]
[Result "1-0"]
[WhiteElo "2418"]
[BlackElo "1997"]
[PlyCount "73"]
[EventDate "2017.01.24"]
[EventType "swiss"]
[EventRounds "10"]
[EventCountry "ENG"]
[SourceTitle "Ajedrez en Madrid"]
[Source "lmi"]
[SourceDate "2017.01.24"]

1. Nf3 d5 2. g3 e6 3. Bg2 Nf6 4. c4 c6 5. Qc2 Be7 6. O-O O-O 7. d4 Nbd7 8. Nbd2
Re8 9. Rd1 b6 10. e4 dxe4 11. Nxe4 Nxe4 12. Qxe4 Bb7 13. Bf4 Rc8 14. Rac1 Bf6
15. Ne5 Qe7 16. Nxd7 Qxd7 17. c5 Rcd8 18. Bd6 b5 19. a4 b4 20. a5 Be7 21. Bxe7
Qxe7 22. Qe2 Rb8 23. a6 Ba8 24. b3 Qc7 25. Qc4 e5 26. dxe5 Rxe5 27. Re1 g6 28.
Rxe5 Qxe5 29. Rd1 Qe7 30. Bh3 Rd8 31. Rxd8+ Qxd8 32. Qxb4 Qd1+ 33. Bf1 Qd8 34.
Qf4 h5 35. Bc4 Qe8 36. h4 Kg7 37. Qc7 1-0

[Event "Gibraltar Chess Festival 2017 - Masters"]
[Site "Gibraltar ENG"]
[Date "2017.01.29"]
[Round "6.74"]
[White "Szabo, Bence"]
[Black "Derakhshani, Borna"]
[Result "1-0"]
[WhiteElo "2378"]
[BlackElo "2195"]
[PlyCount "41"]
[EventDate "2017.01.24"]
[EventType "swiss"]
[EventRounds "10"]
[EventCountry "ENG"]
[SourceTitle "Ajedrez en Madrid"]
[Source "lmi"]
[SourceDate "2017.01.24"]

1. Nf3 Nf6 2. c4 e6 3. Nc3 d5 4. d4 Bb4 5. Bg5 h6 6. Bxf6 Qxf6 7. e3 O-O 8. Rc1
Nd7 9. a3 Bxc3+ 10. Rxc3 dxc4 11. Bxc4 e5 12. O-O c6 13. Ba2 e4 14. Nd2 Qe7 15.
Qc2 Nf6 16. Rc5 Nd7 17. Rf5 g6 18. Rf4 Nf6 19. Nxe4 Bf5 20. Qc5 Qxc5 21. Nxf6+
1-0

[Event "Gibraltar Chess Festival 2017 - Masters"]
[Site "Gibraltar ENG"]
[Date "2017.01.29"]
[Round "6.75"]
[White "Mueller-Dehn, Christian"]
[Black "Gara, Ticia"]
[Result "0-1"]
[WhiteElo "2170"]
[BlackElo "2378"]
[PlyCount "60"]
[EventDate "2017.01.24"]
[EventType "swiss"]
[EventRounds "10"]
[EventCountry "ENG"]
[SourceTitle "Ajedrez en Madrid"]
[Source "lmi"]
[SourceDate "2017.01.24"]

1. c4 Nf6 2. Nc3 c5 3. g3 g6 4. Bg2 Bg7 5. a3 O-O 6. Rb1 e6 7. b4 cxb4 8. axb4
d5 9. cxd5 exd5 10. d4 Bf5 11. Rb3 Nc6 12. e3 a5 13. Ba3 axb4 14. Bxb4 Nxb4 15.
Rxb4 Qa5 16. Rb3 b5 17. Nge2 b4 18. Nb1 Rfc8 19. Qd2 Bf8 20. Rb2 Nd7 21. Nf4
Nb6 22. O-O Nc4 23. Qe2 Nxb2 24. Qxb2 Qa1 25. Qb3 Bc2 26. Qxd5 Bxb1 27. Qe5 Re8
28. Qb5 Rab8 29. Qc6 Qb2 30. Bd5 Ba2 0-1

[Event "Gibraltar Chess Festival 2017 - Masters"]
[Site "Gibraltar ENG"]
[Date "2017.01.29"]
[Round "6.76"]
[White "Rakesh, Kumar Jena"]
[Black "Gonzalez Gonzalez, Alfonso"]
[Result "1-0"]
[WhiteElo "2335"]
[BlackElo "2162"]
[PlyCount "87"]
[EventDate "2017.01.24"]
[EventType "swiss"]
[EventRounds "10"]
[EventCountry "ENG"]
[SourceTitle "Ajedrez en Madrid"]
[Source "lmi"]
[SourceDate "2017.01.24"]

1. e4 e5 2. Nf3 Nc6 3. Bb5 a6 4. Ba4 d6 5. c3 Bd7 6. O-O Nge7 7. d4 Ng6 8. Re1
Be7 9. Nbd2 h6 10. Nf1 Bg5 11. Ng3 Bxc1 12. Rxc1 O-O 13. Bxc6 Bxc6 14. Qd2 Re8
15. Rcd1 Nh4 16. Nxh4 Qxh4 17. d5 Ba4 18. Rc1 g6 19. c4 b6 20. b4 Qf4 21. Qxf4
exf4 22. Nf1 Re7 23. Nd2 Rae8 24. c5 Bb5 25. f3 f5 26. cxb6 cxb6 27. Rc3 Kf7
28. Ra1 Ba4 29. Rac1 Kf6 30. Nc4 fxe4 31. Nxd6 e3 32. Nxe8+ Rxe8 33. Rc8 Re5
34. Rf8+ Kg5 35. h4+ Kh5 36. Rxf4 Rxd5 37. Re4 Rd3 38. Re1 Rd2 39. a3 Bc6 40.
R4xe3 Rc2 41. Re6 g5 42. hxg5 hxg5 43. R1e2 Rc3 44. Kh2 1-0

[Event "Gibraltar Chess Festival 2017 - Masters"]
[Site "Gibraltar ENG"]
[Date "2017.01.29"]
[Round "6.77"]
[White "De Haan, Eric"]
[Black "Bopp, Thomas"]
[Result "1/2-1/2"]
[WhiteElo "2319"]
[BlackElo "2157"]
[PlyCount "85"]
[EventDate "2017.01.24"]
[EventType "swiss"]
[EventRounds "10"]
[EventCountry "ENG"]
[SourceTitle "Ajedrez en Madrid"]
[Source "lmi"]
[SourceDate "2017.01.24"]

1. d4 d5 2. c4 e6 3. Nc3 a6 4. e3 Nf6 5. Nf3 dxc4 6. Bxc4 b5 7. Be2 Bb7 8. O-O
Nbd7 9. a4 b4 10. Na2 Bd6 11. b3 O-O 12. Bb2 Qe7 13. Nc1 Rfd8 14. Nd3 c5 15.
Rc1 cxd4 16. Nxd4 Ne5 17. f4 Nxd3 18. Bxd3 Nd5 19. Qh5 g6 20. Qh3 Rac8 21. Bc4
Bc5 22. Kh1 Nc3 23. Rxc3 bxc3 24. Bxc3 Bd5 25. f5 Bxc4 26. fxg6 fxg6 27. bxc4
Rf8 28. Nf3 Bd6 29. Qg4 Rf5 30. Rd1 Rcf8 31. Qd4 Be5 32. Qd3 Bxc3 33. Qxc3 Qb7
34. Qd3 e5 35. e4 Rf4 36. Ng5 Qe7 37. Qd5+ Kh8 38. Nf3 h6 39. h3 Kg7 40. Rb1
R8f7 41. Kh2 Rxf3 42. gxf3 Qf6 43. Rb7 1/2-1/2

[Event "Gibraltar Chess Festival 2017 - Masters"]
[Site "Gibraltar ENG"]
[Date "2017.01.29"]
[Round "6.78"]
[White "Weeramantry, Sunil"]
[Black "Lombaers, Peter"]
[Result "0-1"]
[WhiteElo "2129"]
[BlackElo "2314"]
[PlyCount "78"]
[EventDate "2017.01.24"]
[EventType "swiss"]
[EventRounds "10"]
[EventCountry "ENG"]
[SourceTitle "Ajedrez en Madrid"]
[Source "lmi"]
[SourceDate "2017.01.24"]

1. e4 c5 2. Nc3 e6 3. f4 a6 4. Nf3 d5 5. exd5 exd5 6. d4 Nf6 7. Bd3 c4 8. Be2
Bb4 9. O-O Bf5 10. h3 h5 11. Bd2 Nc6 12. Be1 Qd6 13. Kh1 Bxc3 14. bxc3 Ne4 15.
Ne5 g6 16. Qb1 Nd8 17. Qb4 f6 18. Nf3 Ne6 19. Nh4 Qxb4 20. cxb4 Nxd4 21. Bd1 c3
22. Bf2 Nxf2+ 23. Rxf2 Be4 24. Nf3 Nf5 25. Kg1 O-O-O 26. Ne1 Rhe8 27. Be2 Ng3
28. Bd3 Kc7 29. Rb1 Kb6 30. a4 Bxd3 31. Nxd3 d4 32. Kh2 h4 33. a5+ Kb5 34. Nc5
Re2 35. Rxe2 Nxe2 36. f5 d3 37. Nxd3 Rxd3 38. cxd3 c2 39. Rf1 g5 0-1

[Event "Gibraltar Chess Festival 2017 - Masters"]
[Site "Gibraltar ENG"]
[Date "2017.01.29"]
[Round "6.79"]
[White "Whatley, Stephen A J"]
[Black "Wantiez, Fabrice"]
[Result "1/2-1/2"]
[WhiteElo "2127"]
[BlackElo "2312"]
[PlyCount "131"]
[EventDate "2017.01.24"]
[EventType "swiss"]
[EventRounds "10"]
[EventCountry "ENG"]
[SourceTitle "Ajedrez en Madrid"]
[Source "lmi"]
[SourceDate "2017.01.24"]

1. e4 e5 2. Nf3 Nc6 3. Bc4 g6 4. d4 exd4 5. c3 d6 6. cxd4 Bg7 7. Qb3 Qd7 8. Bd2
Nf6 9. d5 Ne5 10. Nxe5 dxe5 11. Bb4 Nxe4 12. Nc3 Nd6 13. Bxd6 Qxd6 14. Nb5 Qb6
15. d6 cxd6 16. Bxf7+ Ke7 17. Rd1 Rd8 18. Rc1 Bd7 19. Rc7 Rac8 20. Rxd7+ Rxd7
21. Qe6+ Kf8 22. Qxd7 Rd8 23. Qe6 Qxb5 24. Bg8 Qd7 25. Qd5 Bf6 26. O-O Kg7 27.
Be6 Qc6 28. Qxc6 bxc6 29. Rc1 c5 30. b3 Bg5 31. Rd1 Kf6 32. Bd5 Ke7 33. Kf1 Rf8
34. Ke2 Bh4 35. f3 Bg5 36. h3 Bh4 37. Be4 Rd8 38. Bd5 Kf6 39. Rg1 Bg3 40. Rc1
h5 41. Rc4 Rd7 42. Bc6 Rc7 43. Bd5 Bf4 44. Rc2 a5 45. Rc4 Ra7 46. Bg8 Ke7 47.
Bd5 Kd8 48. Be4 h4 49. Bd5 Kc7 50. Be4 Kb6 51. Bd5 Rh7 52. Be4 d5 53. Bxd5 Rd7
54. Be4 Rd2+ 55. Kf1 Rxa2 56. Rc2 Rxc2 57. Bxc2 c4 58. Ke2 Kc5 59. Kd1 Kb4 60.
bxc4 a4 61. Bxg6 a3 62. Kc2 e4 63. Bxe4 Be5 64. Kb1 Kb3 65. Bc2+ Kc3 66. Ba4
1/2-1/2

[Event "Gibraltar Chess Festival 2017 - Masters"]
[Site "Gibraltar ENG"]
[Date "2017.01.29"]
[Round "6.80"]
[White "Haussernot, Cecile"]
[Black "Saravanan, V."]
[Result "0-1"]
[WhiteElo "2108"]
[BlackElo "2306"]
[PlyCount "90"]
[EventDate "2017.01.24"]
[EventType "swiss"]
[EventRounds "10"]
[EventCountry "ENG"]
[SourceTitle "Ajedrez en Madrid"]
[Source "lmi"]
[SourceDate "2017.01.24"]

1. e4 e6 2. d4 d5 3. Nc3 Nf6 4. e5 Nfd7 5. f4 c5 6. Nf3 Be7 7. g3 b6 8. Be3 O-O
9. h4 Nc6 10. Qd2 a6 11. a4 Bb7 12. Ne2 Na5 13. b3 c4 14. b4 c3 15. Qxc3 Rc8
16. Qd3 Bxb4+ 17. c3 Be7 18. Ng5 g6 19. g4 Nc5 20. Qc2 Ne4 21. Bg2 Bxg5 22.
hxg5 Qc7 23. Bxe4 dxe4 24. Kf2 Kg7 25. f5 Rh8 26. Nf4 Nc4 27. Rac1 Qd7 28. f6+
Kf8 29. Rh6 a5 30. Rch1 Kg8 31. Qc1 Nxe3 32. Qxe3 Qxa4 33. d5 Bxd5 34. Rxh7
Rxh7 35. Rxh7 Qc2+ 36. Kg1 Rxc3 37. Rg7+ Kf8 38. Qe1 Rb3 39. Rh7 Ke8 40. Rh8+
Kd7 41. Nxd5 exd5 42. e6+ Kxe6 43. Re8+ Kd7 44. Re7+ Kd6 45. Qf2 Qc1+ 0-1

[Event "Gibraltar Chess Festival 2017 - Masters"]
[Site "Gibraltar ENG"]
[Date "2017.01.29"]
[Round "6.81"]
[White "Lopez Mulet, Inigo"]
[Black "Smith, Andrew Philip"]
[Result "0-1"]
[WhiteElo "2304"]
[BlackElo "2152"]
[PlyCount "208"]
[EventDate "2017.01.24"]
[EventType "swiss"]
[EventRounds "10"]
[EventCountry "ENG"]
[SourceTitle "Ajedrez en Madrid"]
[Source "lmi"]
[SourceDate "2017.01.24"]

1. d4 Nf6 2. c4 c5 3. d5 e6 4. Nc3 exd5 5. cxd5 d6 6. g3 g6 7. Bg2 Bg7 8. Nf3
O-O 9. O-O Re8 10. Re1 a6 11. a4 Ne4 12. Nxe4 Rxe4 13. Bg5 Bf6 14. Bxf6 Qxf6
15. Nd2 Rb4 16. b3 b6 17. e4 Nd7 18. f4 Qd4+ 19. Kh1 Nf6 20. Nc4 Qxd1 21. Raxd1
Ne8 22. e5 Bg4 23. Rd3 Rd8 24. Rc3 a5 25. h3 Bc8 26. exd6 Kf8 27. Rce3 Bd7 28.
Re7 Bxa4 29. Ra7 Bxb3 30. Ne5 Nxd6 31. Nc6 Re8 32. Rxe8+ Nxe8 33. Nxb4 cxb4 34.
Kg1 Bc2 35. Rb7 b3 36. Rxb6 a4 37. d6 Nxd6 38. Bd5 Be4 39. Bxb3 axb3 40. Rxb3
h5 41. Kf2 Bf5 42. Kg2 Ke7 43. Re3+ Kd7 44. Re5 Kc6 45. Kh2 Be6 46. Re1 Kc5 47.
Rc1+ Nc4 48. Rd1 Ne3 49. Rd3 Nd5 50. Ra3 Kd4 51. Kg2 Ne3+ 52. Kf2 Nc4 53. Ra7
Ke4 54. Ra4 Kf5 55. Rb4 Nd6 56. Ke3 Kf6 57. h4 Kf5 58. Rd4 Ne8 59. Re4 Kg4 60.
f5+ Kxf5 61. Rf4+ Ke5 62. Re4+ Kf6 63. Kf4 Nd6 64. Ra4 Nf5 65. Re4 Ne7 66. Re1
Nd5+ 67. Ke4 g5 68. Rf1+ Kg6 69. hxg5 Kxg5 70. Kf3 Bg4+ 71. Ke4 Be6 72. Kf3 Ne7
73. Ra1 Bd5+ 74. Kf2 f5 75. Ra4 Be4 76. Ra7 Ng6 77. Rg7 Kh6 78. Rg8 h4 79. gxh4
Nxh4 80. Ke3 Ng6 81. Re8 Bc6 82. Re6 f4+ 83. Kf2 Bd7 84. Rd6 Bf5 85. Kf3 Kg5
86. Rd5 Nh4+ 87. Kf2 Kg4 88. Rd8 Nf3 89. Rg8+ Ng5 90. Rg7 Be6 91. Rg6 Kf5 92.
Rg7 Bd5 93. Ra7 Nh3+ 94. Kf1 f3 95. Ra5 Ke4 96. Ra4+ Ke3 97. Ra3+ Kf4 98. Ra4+
Kg3 99. Rd4 Bc6 100. Rb4 Bd5 101. Rd4 Nf4 102. Rb4 Be6 103. Rb2 Bh3+ 104. Kg1
Ne2+ 0-1

[Event "Gibraltar Chess Festival 2017 - Masters"]
[Site "Gibraltar ENG"]
[Date "2017.01.29"]
[Round "6.82"]
[White "Loh, Zachary"]
[Black "Chan, Kim Yew"]
[Result "1/2-1/2"]
[WhiteElo "2291"]
[BlackElo "2152"]
[PlyCount "74"]
[EventDate "2017.01.24"]
[EventType "swiss"]
[EventRounds "10"]
[EventCountry "ENG"]
[SourceTitle "Ajedrez en Madrid"]
[Source "lmi"]
[SourceDate "2017.01.24"]

1. e4 c5 2. d4 cxd4 3. c3 d3 4. Bxd3 g6 5. c4 Bg7 6. Nf3 Nc6 7. O-O d6 8. h3
Nf6 9. Nc3 O-O 10. Be3 Nd7 11. Qe2 Nde5 12. Bc2 Nxf3+ 13. Qxf3 Be6 14. Nd5 Bxd5
15. exd5 Nd4 16. Qd1 Nxc2 17. Qxc2 Qd7 18. Rac1 b5 19. b3 Rfc8 20. Qe4 bxc4 21.
bxc4 Rc7 22. Rc2 Qa4 23. Rfc1 Rb8 24. Bf4 Rb4 25. Qe2 Bf6 26. Bh6 Rb8 27. Qd3
Bg7 28. Bg5 h6 29. Bf4 Rbc8 30. Bg3 Qb4 31. Qb3 Qxb3 32. axb3 Rb7 33. c5 Rxc5
34. Rxc5 dxc5 35. Rxc5 Bf6 36. Rc8+ Kg7 37. Rb8 Rxb8 1/2-1/2